| 000 | 00982nam a2200253 a 4500 | ||
|---|---|---|---|
| 001 | BRCA_867 | ||
| 005 | 20190320203202.0 | ||
| 008 | 890222s1989 nyua---##c---#001-0#eng-u | ||
| 020 | _a0500235570 | ||
| 040 |
_aDLC _cDLC _dDLC |
||
| 050 | 4 |
_aNK7398.T5 _b.D86 1989 |
|
| 100 | 1 |
_aDuncan, Alastair _d1942- _92285 |
|
| 245 | 1 | 0 |
_aMasterworks of Louis Comfort Tiffany _cAlastair Duncan, Martin Eidelberg, Neil Harris. |
| 260 |
_aLondres _bThames and Hudson _c1989 |
||
| 300 |
_a160 p. _bil. (algunas a color) _c30 cm. |
||
| 500 | _aIncluye índice de ilustraciones | ||
| 500 | _aCatálogo de la exposición realizada en la Galería de Renwick (Washington, C.C.) octubre, 1989 y en el Museo Metropolitano del Arte (Nueva York), 1990 | ||
| 600 | 1 | 4 |
_aTiffany, Louis Comfort _d1848-1933 _vExposiciones _92891 |
| 650 | 1 | 4 |
_aJoyería _92729 |
| 700 | 1 |
_aTiffany, Louis Comfort _d1848-1933 _92892 |
|
| 700 | 1 |
_aEidelberg, Martin P _92893 |
|
| 700 | 1 |
_aHarris, Neil _d1938- _92894 |
|
| 942 |
_2lcc _cB |
||
| 999 |
_c762 _d762 |
||